|
|
|
|
| LEADER |
00000nam0a2200000 4500 |
| 001 |
361441 |
| 005 |
20231102011405.0 |
| 035 |
|
|
|a (RuTPU)RU\TPU\retro\18767
|
| 090 |
|
|
|a 361441
|
| 100 |
|
|
|a 20210607d19?? m y0rusy50 ca
|
| 101 |
0 |
|
|a rus
|
| 102 |
|
|
|a RU
|
| 105 |
|
|
|a a z 000zy
|
| 200 |
1 |
|
|a Томскому Политехническому институту - признательные ученики (сотрудники Иркутского горно-металлургического института)
|e [фотоальбом]
|f Иркутский горно-металлургический институт
|
| 210 |
|
|
|a Иркутск
|c [Б. и.]
|d [19??]
|
| 215 |
|
|
|a [21 л.]
|c ил.
|
| 300 |
|
|
|a Нумерация страниц отсутствует
|
| 600 |
|
1 |
|a Шаманский
|b Л. И.
|c российский геолог
|c выпускник Томского технологического института
|f 1894-1950
|g Лев Иосифович
|y Томск
|2 stltpush
|3 (RuTPU)RU\TPU\pers\13892
|9 4396
|
| 606 |
1 |
|
|a Томский политехнический университет
|2 stltpush
|3 (RuTPU)RU\TPU\subj\67475
|9 83260
|
| 610 |
1 |
|
|a высшее образование
|
| 610 |
1 |
|
|a история
|
| 610 |
1 |
|
|a 20 век
|
| 610 |
1 |
|
|a выпускники ТПИ
|
| 610 |
1 |
|
|a выпускники ТТИ
|
| 610 |
1 |
|
|a инженеры
|
| 610 |
1 |
|
|a биографии
|
| 610 |
1 |
|
|a фотоальбомы
|
| 610 |
1 |
|
|a Коллекция История ТПУ
|
| 686 |
|
|
|a Ч484(2)72ТПУ
|v LBC/SL-A
|2 rubbk
|
| 712 |
0 |
2 |
|a Иркутский горно-металлургический институт
|c (1938-1960)
|2 stltpush
|3 (RuTPU)RU\TPU\col\11276
|9 25012
|
| 801 |
|
1 |
|a RU
|b 63413507
|c 20210607
|
| 801 |
|
2 |
|a RU
|b 63413507
|c 20210812
|g RCR
|
| 942 |
|
|
|c BK
|